Countries With Wild Capybaras - Statistics

General Stats
  • This quiz has been taken 2,609 times
  • The average score is 12 of 13
Answer Stats
Answer % Correct
Argentina
99%
Brazil
99%
Colombia
98%
Peru
98%
Venezuela
98%
Bolivia
97%
Paraguay
97%
Uruguay
97%
Ecuador
96%
Guyana
96%
Suriname
96%
Panama
92%
France
80%
No matching quizzes found
Score Distribution
Percent of People with Each Score
Percentile by Number Answered
Your Score History
You have not taken this quiz